00957nam a2200253 i 450000100060000000300090000600500170001500700030003200800410003502000180007608000100009424500950010426000740019930000410027349000220031465000280033670000280036470000380039271000710043083000300050185200330053199900170056495201220058188958ES-MaACL20230906180000.0t|050117s1992 sp ||||1| spa d a84-00-07271-5 a510.600aAplicaciones de la lógica borrosa / cEnric Trillas, Julio Gutiérrez Ríos, editores. aMadrid : bConsejo Superior de Investigaciones Científicas, c1992. aX, 266 p. : bil. gráf. ; c24 cm.1 aNuevas tendencias 4aLógica difusa.9146981 aTrillas, Enric.91114271 aGutiérrez Ríos, Julio.9612142 aConsejo Superior de Investigaciones Científicas (España)932360 aNuevas tendencias9186417 aES-MaACLjE-10789 bR.135164 c88958d88958 00104070aATENEOMbATENEOMcDEPO2d2008-01-17eSCl0oE-10789p1092911r2023-02-23 00:00:00w2023-02-23yMONOGRAFIA